[Event "Tourn. n8809"]
[Site "www.chess-mail.com"]
[Date "2016.09.11"]
[Round "1"]
[White "Tartan"]
[Black "Numanoid"]
[WhiteElo "2330"]
[BlackElo "2480"]
[Result "1/2-1/2"]
[Round "1"]
1.d4 d5
2.c4 e6
3.Nb1c3 Ng8f6
4.cxd5 exd5
5.Bc1g5 Bf8b4
6.e3 h6
7.Bg5h4 g5
8.Bh4g3 Nf6e4
9.Ng1e2 h5
10.h4 g4
11.Bg3e5 Rh8g8
12.a3 Bb4xc3
13.Ne2xc3 Nb8c6
14.Nc3xe4 Nc6xe5
15.Ne4g3 Ne5g6
16.Qd1c2 Rg8h8
17.Bf1d3 Qd8d6
18.Bd3xg6 fxg6
19.Ra1c1 c6
20.O-O Kf7
21.e4 Bc8e6
22.Rf1e1 Ra8e8
23.Qc2b3 Re8e7
24.e5 Qd6d8
25.Ng3e2 Kg7
26.Ne2f4 Be6f5
27.Qb3g3 Rh8f8
28.b3 Qd8b6
29.Qg3c3 Bf5e4
30.Qc3e3 Kh7
31.Rc1c5 a6
{ draw }
1/2-1/2

[Event "Tourn. n8942"]
[Site "www.chess-mail.com"]
[Date "2016.09.11"]
[Round "1"]
[White "Cal"]
[Black "4m6az"]
[WhiteElo "1710"]
[BlackElo "1809"]
[Result "0-1"]
[Round "1"]
1.d4 g6
2.e4 c6
3.Nb1c3 e6
4.a3 a6
5.Bc1f4 d6
6.Ng1f3 Nb8d7
7.Bf1c4 Nd7b6
8.O-O Nb6xc4
9.b3 Nc4b6
10.a4 Qd8c7
11.h3 Bf8e7
12.Nc3e2 f6
13.c4 e5
14.dxe5 dxe5
15.Bf4h2 Bc8d7
16.Ne2g3 O-O-O
17.Ng3e2 Bd7xh3
18.gxh3 Rd8xd1
19.Rf1xd1 Ng8h6
20.Ne2c3 Be7b4
21.Nc3e2 g5
22.Ne2d4 Qc7f7
23.a5 Nb6xc4
24.bxc4 Qf7xc4
25.Ra1c1 Qc4b5
26.Nd4e6 g4
27.Nf3h4 gxh3
28.Rc1b1 Qb5xa5
29.Rb1a1 Qa5b5
30.Ra1b1 Rh8g8
31.Bh2g3 Nh6g4
32.Nh4f3 Qb5e2
33.Rd1f1 Qe2xf3
34.Rb1xb4 Qf3g2

0-1

[Event "Tourn. n8946"]
[Site "www.chess-mail.com"]
[Date "2016.09.11"]
[Round "1"]
[White "Redabond"]
[Black "Nulladies"]
[WhiteElo "1710"]
[BlackElo "1860"]
[Result "1-0"]
[Round "1"]
1.d4 Ng8f6
2.Bc1f4 e6
3.Nb1c3 d5
4.Nc3b5 Bf8d6
5.Bf4xd6 cxd6
6.e3 a6
7.Nb5c3 Qd8a5
8.Bf1d3 O-O
9.Ng1f3 Nf6e4
10.Bd3xe4 dxe4
11.Nf3d2 Nb8c6
12.O-O b5
13.Nd2b3 Qa5c7
14.Nc3xe4 Bc8b7
15.Qd1f3 Kh8
16.Qf3h5 f6
17.Qh5g4 f5
18.Qg4h3 fxe4
19.Nb3d2 Nc6e7
20.c3 Rf8f7
21.Qh3xe6 Bb7d5
22.Qe6g4 Ne7f5
23.Ra1c1 Nf5h6
24.Qg4g5 Rf7f5
25.Qg5g3 Ra8f8
26.f4 Bd5xa2
27.Rc1a1 Ba2c4
28.Nd2xc4 bxc4
29.Ra1xa6 Rf8f6
30.Ra6a8 Nh6g8
31.Rf1a1 Rf6g6
32.Qg3e1 Qc7e7
33.Ra1a7 Qe7e6
34.Qe1d2 Rf5f8
35.Ra8xf8 h5
36.Qd2e2 Rg6f6
37.Qe2xh5 Rf6h6
38.Qh5f7 Rh6g6
39.Qf7xe6 Rg6xe6
40.Ra7a8 { resign }
1-0

[Event "Tourn. n8882"]
[Site "www.chess-mail.com"]
[Date "2016.09.11"]
[Round "1"]
[White "Julian"]
[Black "B0zata"]
[WhiteElo "2090"]
[BlackElo "2280"]
[Result "0-1"]
[Round "1"]
1.e4 e5
2.Ng1f3 Nb8c6
3.d4 exd4
4.Bf1c4 Bf8b4
5.c3 dxc3
6.bxc3 Bb4e7
7.Qd1d5 Ng8h6
8.Bc1xh6 O-O
9.Bh6e3 d6
10.Nf3d4 Nc6xd4
11.Be3xd4 c6
12.Qd5h5 Bc8e6
13.Bc4d3 Be7f6
14.e5 g6
15.Qh5f3 dxe5
16.Bd4c5 Be6d5
17.Qf3h3 Rf8e8
18.O-O Bd5e6
19.Qh3g3 Bf6h4
20.Qg3e3 b6
21.Bc5a3 e4
22.Bd3xe4 Be6f5
23.Nb1d2 Bh4g5
24.f4 Bg5f6
25.Ra1d1 c5
26.Qe3f3 Bf5xe4
27.Nd2xe4 Qd8e7
28.Ne4xf6 Qe7xf6
29.c4 Re8e6
30.Rf1f2 Ra8e8
31.h3 Re6e1
32.Kh2 h5
33.Ba3b2 Qf6h4
34.g3 Qh4e7
35.Qf3c3 f6
36.Rd1xe1 Qe7xe1
37.Qc3xe1 Re8xe1
38.Bb2xf6 Kf7
39.Bf6e5 Re1c1
40.g4 hxg4
41.hxg4 Rc1xc4
42.Kg3 b5
43.f5 b4
44.fxg6 Kxg6
45.Rf2f6 Kg5
46.Rf6a6 Rc4xg4
47.Kf3 c4
48.Be5g3 Rg4d4
49.Ra6xa7 Rd4d3
50.Kg2 c3
51.Ra7a5 Kg4
52.Bg3e1 Rd3d1
53.Be1xc3 bxc3
54.Ra5c5 Rd1d2
55.Kf1 c2
56.Ke1 Rd2d1
57.Ke2 c1Q
{ resign }
0-1

[Event "Match"]
[Site "www.echecsemail.com"]
[Date "2016.09.11"]
[Round "1"]
[White "Jhzes"]
[Black "Babedad"]
[WhiteElo "2000"]
[BlackElo "2210"]
[Result "0-1"]
[Round "1"]
1.Nb1c3 Ng8f6
2.d4 e6
3.e4 d5
4.exd5 exd5
5.Bc1g5 Bf8b4
6.Qd1e2 Bc8e6
7.Qe2b5 Nb8c6
8.O-O-O Bb4xc3
9.bxc3 O-O
 { time }
0-1

[Event "Match"]
[Site "www.echecsemail.com"]
[Date "2016.09.11"]
[Round "1"]
[White "Billyg"]
[Black "4m6az"]
[WhiteElo "1590"]
[BlackElo "1809"]
[Result "0-1"]
[Round "1"]
1.e4 e5
2.d4 exd4
3.Qd1xd4 Nb8c6
4.Qd4a4 Bf8c5
5.Bc1e3 Bc5xe3
6.fxe3 Qd8f6
7.c3 Ng8e7
8.Nb1d2 d6
9.Ng1f3 Bc8d7
10.Qa4b3 b6
11.Bf1c4 Nc6e5
12.O-O Ne5xc4
13.Qb3xc4 c6
14.Nf3d4 Qf6g6
15.Kh1 b5
16.Qc4b3 a6
17.a4 bxa4
18.Qb3b6 O-O
19.b3 c5
20.Nd4f3 Rf8b8
21.Qb6a5 axb3
22.Qa5c7 Bd7b5
23.c4 Bb5c6
24.Ra1b1 Rb8b7
25.Qc7a5 Bc6xe4
26.Nd2xe4 Qg6xe4
27.Nf3g5 Qe4xc4
28.Qa5d2 f6
29.Rf1c1 Qc4d5
30.Qd2xd5 Ne7xd5
31.Ng5e4 Nd5xe3
32.Ne4xd6 Rb7d7
33.Rb1xb3 Ne3xg2
34.Kxg2 Rd7xd6
35.Rc1xc5 Ra8d8
36.Rb3f3 Rd6d2
37.Kg3 Rd8d3
38.Rf3xd3 Rd2xd3
39.Kf4 Rd3h3
40.Rc5c6 a5
41.Rc6a6 a4
42.Kg4 Rh3a3
43.h4 Ra3a1
44.Kf3 a3
45.Ke2 f5
46.Kd2 f4
47.Kc2 f3
48.Kb3 f2
{ resign }
0-1

[Event "Match"]
[Site "www.echecsemail.com"]
[Date "2016.09.11"]
[Round "1"]
[White "Caspito"]
[Black "Calmriver"]
[WhiteElo "1830"]
[BlackElo "1699"]
[Result "0-1"]
[Round "1"]
1.e4 c5
2.b3 Nb8c6
3.Bc1b2 d6
4.Bf1b5 Bc8d7
5.Ng1f3 Qd8c7
6.O-O Ng8f6
7.Nb1c3 e6
8.a4 a6
9.Nf3g5 axb5
10.axb5 Ra8xa1
11.Qd1xa1 Nc6d4
12.Rf1c1 Bf8e7
13.Qa1a8 Qc7c8
14.Qa8xc8 Bd7xc8
15.Kf1 O-O
16.Nc3a4 Nd4xb5
17.d3 e5
18.Na4b6 Nf6d7
19.Nb6xc8 Be7xg5
{ resign }
0-1

[Event "Match"]
[Site "www.echecsemail.com"]
[Date "2016.09.11"]
[Round "1"]
[White "Cal"]
[Black "Leochessnut"]
[WhiteElo "1710"]
[BlackElo "1499"]
[Result "0-1"]
[Round "1"]
1.c4 e5
2.e4 Nb8c6
3.a3 Ng8f6
4.Nb1c3 Bf8c5
5.Ng1f3 Nf6g4
6.d4 exd4
7.Nc3d5 d3
8.Bc1e3 Ng4xe3
9.Nd5xe3 d6
10.Qd1xd3 O-O
11.b4 Qd8f6
12.Ne3c2 Bc5b6
13.Bf1e2 a5
14.O-O axb4
15.a4 Bc8g4
16.h3 Bg4h5
17.Nc2e3 Bh5xf3
18.Be2xf3 Nc6e5
19.Ne3f5 Ne5xd3
20.Ra1d1 Nd3e5
21.Bf3e2 g6
22.Nf5h6 Kg7
23.Nh6g4 Ne5xg4
24.Be2xg4 Ra8xa4
25.Rd1d2 b3
26.Bg4d7 Ra4a1
27.Rf1xa1 Qf6xa1
28.Kh2 b2
29.f4 Bb6g1
30.Kg3 Qa1e1
31.Kg4 h5
32.Kg5 f6
{ resign }
0-1

[Event "Match"]
[Site "www.echecsemail.com"]
[Date "2016.09.11"]
[Round "1"]
[White "Pare123"]
[Black "Soldiers12"]
[WhiteElo "1940"]
[BlackElo "1829"]
[Result "1-0"]
[Round "1"]
1.c4 c5
2.Nb1c3 e6
3.Ng1f3 d6
4.e4 Ng8f6
5.Bf1e2 Bf8e7
6.O-O a6
7.d3 Nb8d7
8.a4 b6
9.b3 Bc8b7
10.Bc1b2 O-O
11.h3 Qd8c7
12.Nf3h2 Qc7b8
13.f4 Qb8c7
14.Qd1d2 Ra8d8
15.Be2f3 h6
16.Nc3d1 Rf8e8
17.e5 Bb7xf3
18.Rf1xf3 dxe5
19.fxe5 Nd7xe5
20.Rf3e3 Be7d6
21.Nh2f3 Ne5d7
22.Qd2f2 a5
23.Nd1c3 Qc7b8
24.Nc3b5 Bd6e7
25.d4 cxd4
26.Bb2xd4 e5
27.Nf3xe5 Nd7xe5
28.Bd4xe5 Qb8b7
29.Re3f3 Be7c5
30.Be5d4 Nf6e4
31.Qf2b2 Bc5xd4
32.Nb5xd4 Ne4f6
33.Ra1f1 Qb7e4
34.Nd4f5 Qe4e5
35.Qb2f2 Re8e6
36.Nf5xh6 gxh6
37.Rf3xf6 Re6xf6
38.Qf2xf6  { time }
1-0

[Event "Match"]
[Site "www.echecsemail.com"]
[Date "2016.09.11"]
[Round "1"]
[White "Raulazo"]
[Black "Traub"]
[WhiteElo "1910"]
[BlackElo "1290"]
[Result "1-0"]
[Round "1"]
1.e4 e6
2.Ng1f3 d5
3.exd5 Qd8xd5
4.Nb1c3 Qd5d8
5.d4 Ng8f6
6.Bc1g5 Bf8e7
7.Bf1b5 c6
8.Bb5c4 O-O
{ time. }
1-0

[Event "Fast Game"]
[Site "www.echecsemail.com"]
[Date "2016.09.11"]
[Round "1"]
[White "4m6az"]
[Black "Sandokam"]
[WhiteElo "1849"]
[BlackElo "1950"]
[Result "1-0"]
[Round "1"]
1.e4 c6
2.Bf1c4 d5
3.exd5 cxd5
4.Bc4b5 Nb8c6
5.d4 Ng8f6
6.c4 Bc8d7
7.cxd5 Nf6xd5
8.Bb5xc6 Bd7xc6
9.Ng1f3 e6
10.Nf3e5 Qd8c7
11.Ne5xc6 Qc7xc6
12.O-O Bf8d6
13.Qd1g4 O-O-O
14.Bc1g5 Rd8f8
15.Rf1c1 Qc6xc1
16.Bg5xc1 { resign }
1-0

[Event "Tourn. n8769"]
[Site "www.chess-mail.com"]
[Date "2016.09.12"]
[Round "1"]
[White "Prize64"]
[Black "Ejner"]
[WhiteElo "2350"]
[BlackElo "2390"]
[Result "0-1"]
[Round "1"]
1.e4 c5
2.Ng1f3 Nb8c6
3.Bf1b5 g6
4.O-O Bf8g7
5.c3 Ng8f6
6.Rf1e1 O-O
7.e5 Nf6d5
8.d4 cxd4
9.cxd4 d6
10.Nb1c3 Nd5xc3
11.bxc3 Qd8c7
12.exd6 exd6
13.Bc1f4 Bc8f5
14.Qd1d2 Nc6a5
15.h3 Rf8d8
16.Bf4g5 f6
17.Bg5e3 Ra8c8
18.Ra1c1 Na5c4
19.Bb5xc4 Qc7xc4
20.Be3f4 d5
21.Re1e7 Rd8d7
22.Qd2e3 Bg7f8
23.Re7e8 Rd7d8
24.Re8xd8 Rc8xd8
25.Nf3h4 Bf5d7
26.Qe3d2 Rd8e8
27.Bf4e3 b6
28.Nh4f3 Bd7f5
29.Nf3h4 Bf5d7
30.Nh4f3 Bd7f5
31.Nf3h4 Bf5c8
32.Nh4f3 Bc8a6
33.Rc1e1 Kf7
34.Kh2 Bf8d6
35.Kg1 Qc4d3
36.Qd2xd3 Ba6xd3
37.Be3d2 Re8xe1
38.Nf3xe1 Bd3c4
39.a4 Bc4b3
40.Ne1d3 Bb3xa4
41.Nd3f4 Ba4b3
42.Kf1 a5
43.Ke2 a4
{ resign }
0-1

[Event "Tourn. n8907"]
[Site "www.chess-mail.com"]
[Date "2016.09.12"]
[Round "1"]
[White "Picifarkinca"]
[Black "Malbertan"]
[WhiteElo "1990"]
[BlackElo "2040"]
[Result "0-1"]
[Round "1"]
1.Ng1f3 f5
2.d4 Ng8f6
3.g3 e6
4.Bf1g2 Nb8c6
5.O-O Bf8e7
6.c4 O-O
7.Nb1c3 d6
8.b3 Nf6e4
9.Qd1c2 Ne4xc3
10.Qc2xc3 Be7f6
11.Bc1b2 e5
12.Qc3d2 e4
13.Nf3e1 Bc8d7
14.d5 Nc6e5
15.Ra1c1 b6
16.Bb2a3 Qd8e8
17.Ne1c2 Qe8h5
18.Nc2d4 f4
19.Bg2xe4 Ne5g4
20.Qd2d3 Qh5xh2
{ resign }
0-1

[Event "Tourn. n8906"]
[Site "www.chess-mail.com"]
[Date "2016.09.12"]
[Round "1"]
[White "Bichoraro92"]
[Black "Pimpampum"]
[WhiteElo "2050"]
[BlackElo "2220"]
[Result "0-1"]
[Round "1"]
1.e4 e5
2.Ng1f3 Ng8f6
3.Nf3xe5 d6
4.Ne5f3 Nf6xe4
5.d4 d5
6.Bf1d3 Bf8e7
7.O-O O-O
8.c4 c6
9.Nb1c3 Ne4f6
10.Bc1g5 Bc8g4
11.h3 Bg4h5
12.g4 Bh5g6
13.Rf1e1 Rf8e8
14.Nf3e5 Bg6xd3
15.Qd1xd3 dxc4
16.Qd3xc4 Re8f8
17.Ra1d1 h6
18.Bg5h4 Nb8d7
19.Bh4xf6 Be7xf6
20.Nc3e4 Nd7b6
21.Qc4b3 Ra8b8
22.f4 Nb6d5
23.Qb3g3 Bf6h4
24.Qg3f3 Bh4xe1
25.Rd1xe1 f6
26.Ne5g6 Rf8e8
27.f5 Nd5e7
28.Qf3b3 Ne7d5
 { time }
0-1

[Event "Tourn. n8861"]
[Site "www.chess-mail.com"]
[Date "2016.09.12"]
[Round "1"]
[White "Osopanda"]
[Black "Julian"]
[WhiteElo "1970"]
[BlackElo "2050"]
[Result "1/2-1/2"]
[Round "1"]
1.d4 d5
2.c4 e6
3.b3 c6
4.Bc1b2 f5
5.e3 Ng8f6
6.Bf1d3 Bf8d6
7.Ng1e2 O-O
8.O-O Nf6e4
9.Nb1d2 Nb8d7
10.f3 Ne4xd2
11.Qd1xd2 Qd8g5
12.Ne2g3 f4
13.Ng3h1 fxe3
14.Qd2c2 Qg5h6
15.g3 e5
16.dxe5 Nd7xe5
17.Bd3e2 Bc8h3
18.Rf1e1 Ne5xf3
19.Be2xf3 Rf8xf3
20.Qc2e2 Ra8f8
21.Bb2d4 Rf3f2
22.Nh1xf2 exf2
23.Bd4xf2 dxc4
24.Qe2xc4 Kh8
25.Ra1d1 Qh6f6
26.Bf2xa7 Qf6b2
27.Re1e2 Qb2f6
28.Re2f2 Qf6e7
29.Rf2xf8 Qe7xf8
30.Qc4e2 Bd6c5
31.Ba7xc5 Qf8xc5
32.Qe2f2 Qc5xf2
33.Kxf2 h5
34.b4 Bh3g4
35.Rd1d8 Kh7
36.Rd8b8 b5
37.Ke3 g5
38.Kd4 Bg4f3
39.h4 gxh4
40.gxh4 Kg6
41.Rb8f8 Bf3d5
42.a3 Kg7
43.Rf8f5 Kg6
44.Rf5g5 Kh6
45.Kc5 Bd5f3
46.Kb6 Bf3d5
47.Ka5 Bd5f3
48.a4 bxa4
49.Kxa4 Bf3d5
50.b5 Bd5f3
51.bxc6 Bf3xc6
52.Kb4 Bc6f3
53.Kc5 Bf3g4
54.Kd6 Bg4f3
55.Ke7 Bf3g4
56.Kf6 Bg4f3
57.Rg5g8 Kh7
58.Rg8d8 Bf3g4
59.Kg5 Kg7
60.Rd8a8 Kf7
61.Ra8a4 Bg4d1
62.Ra4a7 Ke6
63.Ra7h7 Bd1g4
64.Rh7xh5 Bg4xh5
65.Kxh5 Kf6
66.Kh6 Kf7
67.Kh7 Kf8
68.h5 Kf7
69.h6 Kf8
70.Kg6 Kg8
71.h7 Kh8
72.Kf7 { draw }
1/2-1/2

[Event "Tourn. n8901"]
[Site "www.chess-mail.com"]
[Date "2016.09.12"]
[Round "1"]
[White "Foxy100"]
[Black "Bichoraro92"]
[WhiteElo "2010"]
[BlackElo "2040"]
[Result "1-0"]
[Round "1"]
1.e4 e5
2.Ng1f3 Ng8f6
3.d4 Nf6xe4
4.Bf1d3 d5
5.Nf3xe5 Bf8e7
6.f3 Ne4f6
7.O-O O-O
8.c3 c5
9.Kh1 Nb8c6
10.Nb1a3 cxd4
11.cxd4 Be7xa3
12.bxa3 Rf8e8
13.Ne5xc6 bxc6
14.Ra1b1 Qd8d6
15.Qd1d2 Bc8d7
16.a4 Ra8b8
17.Qd2f4 Qd6f8
18.Rb1xb8 Re8xb8
19.Bc1a3 Qf8e8
20.Qf4d2 Qe8c8
21.Ba3d6 Rb8a8
22.Rf1c1 Nf6e8
23.Bd6g3 Bd7f5
24.Bd3b5 Bf5d7
25.Kg1 a6
26.Bb5e2 Ne8c7
27.Bg3f2 Nc7e6
28.Be2d3 Qc8f8
29.a5 Qf8a3
30.Rc1b1 c5
31.Rb1b3 Qa3a4
32.dxc5 Bd7b5
33.Rb3b4 Qa4xa5
34.Bd3xh7  { time }
1-0

[Event "Tourn. n8901"]
[Site "www.chess-mail.com"]
[Date "2016.09.12"]
[Round "1"]
[White "Bichoraro92"]
[Black "Ffdd65"]
[WhiteElo "2040"]
[BlackElo "2230"]
[Result "0-1"]
[Round "1"]
1.d4 d5
2.e3 Ng8f6
3.f4 Bc8f5
4.Ng1f3 Nb8c6
5.c3 Nf6e4
6.Bf1d3 e6
7.O-O Bf8e7
8.Bd3c2 O-O
9.Nb1d2 Ne4xd2
10.Bc1xd2 Bf5xc2
11.Qd1xc2 f5
12.a3 Rf8f6
13.Nf3e5 Nc6xe5
14.dxe5 Rf6h6
15.c4 Be7c5
16.Ra1d1 d4
17.Qc2c1 Qd8h4
18.h3 Qh4g3
19.Rf1f3 Qg3g6
20.exd4 Bc5xd4
21.Bd2e3 Bd4xe3
22.Qc1xe3 Qg6f7
23.Qe3d4 Qf7e7
 { time }
0-1

[Event "Tourn. n8903"]
[Site "www.chess-mail.com"]
[Date "2016.09.12"]
[Round "1"]
[White "Yakke"]
[Black "Cal"]
[WhiteElo "1780"]
[BlackElo "1750"]
[Result "1-0"]
[Round "1"]
1.e4 e5
2.Ng1f3 d6
3.Bf1c4 c6
4.d3 h6
5.O-O Ng8f6
6.h3 b5
7.Bc4b3 Bf8e7
8.Nb1c3 O-O
9.d4 exd4
10.Nf3xd4 Bc8b7
11.Nd4f5 Nb8d7
12.Rf1e1 Nd7e5
13.f3 b4
14.Nc3e2 a5
15.f4 Ne5g6
16.e5 Nf6e4
17.Ne2d4 dxe5
18.fxe5 Be7c5
19.Re1xe4 Bc5a7
20.e6 c5
21.exf7 Rf8xf7
22.Bb3xf7 Kxf7
23.Nf5xh6 Kf6
24.Qd1f1 Ng6f4
25.Qf1xf4 Kg6
26.Qf4f5 
1-0

[Event "Tourn. n8876"]
[Site "www.chess-mail.com"]
[Date "2016.09.12"]
[Round "1"]
[White "Bichoraro92"]
[Black "Picifarkinca"]
[WhiteElo "1909"]
[BlackElo "2000"]
[Result "0-1"]
[Round "1"]
1.e4 e5
2.Ng1f3 Nb8c6
3.d4 exd4
4.Bf1c4 Bf8b4
5.c3 dxc3
6.O-O Ng8e7
7.bxc3 Bb4a5
8.Nf3g5 d5
9.exd5 Nc6e5
10.Bc4b3 Qd8d6
11.Bc1a3 Qd6f6
12.f4 O-O
13.fxe5 Qf6xg5
14.d6 cxd6
15.exd6 Qg5e3
16.Kh1 Ne7c6
17.d7 Rf8d8
18.dxc8Q Ra8xc8
19.Bb3xf7 Kh8
20.Qd1h5 Nc6e5
21.Nb1d2 Ne5xf7
22.Qh5xf7 Qe3xd2
23.Ba3f8 Ba5xc3
24.Bf8e7 Bc3xa1
25.Be7xd8 Qd2xd8
26.Rf1xa1 Rc8c7
27.Qf7f2 b6
28.h3 Kg8
29.Ra1f1 g6
30.a4 Qd8e8
31.a5 Rc7f7
32.Qf2a2 Kg7
33.Rf1b1 b5
34.Qa2b2 Rf7f6
35.Qb2xb5 Qe8xb5
36.Rb1xb5 Rf6a6
37.Kh2 Kf6
38.Kg3 h6
39.Kf4 Ke6
40.h4 Kf6
41.g4 Kf7
42.g5 h5
 { time }
0-1

[Event "Tourn. n8892"]
[Site "www.chess-mail.com"]
[Date "2016.09.12"]
[Round "1"]
[White "Bojan"]
[Black "Osopanda"]
[WhiteElo "2000"]
[BlackElo "1960"]
[Result "1-0"]
[Round "1"]
1.b4 d5
2.e3 e5
3.a3 Ng8f6
4.Bc1b2 Bf8d6
5.h3 Bc8f5
6.Ng1f3 Nb8d7
7.d3 O-O
8.c4 dxc4
9.dxc4 Bd6e7
10.Nf3xe5 Nd7xe5
11.Qd1xd8 Rf8xd8
12.Bb2xe5 Be7d6
13.Be5xf6 gxf6
14.Nb1d2 Bd6e5
15.Ra1a2 Be5c3
16.Ke2 Bf5d3
17.Kf3 f5
18.Bf1xd3 Rd8xd3
19.Nd2b1 Bc3e5
20.Rh1c1 Ra8d8
21.Rc1c2 b6
22.g4 fxg4
23.hxg4 Be5d6
24.Nb1c3 Bd6h2
25.Nc3e4 Bh2e5
26.c5 bxc5
27.Ne4xc5 Rd3d1
28.Nc5b7 Rd8b8
29.Nb7a5 Be5g7
30.Rc2xc7 a6
31.Na5c6 Rb8e8
32.Nc6e7 Kf8
33.Ne7f5 Bg7f6
34.Nf5h6 Re8e7
35.Rc7c6 Bf6g5
36.Nh6f5 Re7d7
37.Rc6xa6 f6
38.b5 Rd1b1
39.a4 Rd7d1
40.b6 Rd1d3
41.a5 Rb1b5
42.Ra6a8 Kf7
43.Ke2 Rd3b3
44.Nf5d6 Ke6
45.Nd6xb5 Rb3xb5
46.Ra8b8 f5
47.gxf5 Kxf5
48.a6 Bg5e7
49.a7 { resign }
1-0

[Event "Tourn. n8942"]
[Site "www.chess-mail.com"]
[Date "2016.09.12"]
[Round "1"]
[White "Attatroll"]
[Black "Cal"]
[WhiteElo "1840"]
[BlackElo "1710"]
[Result "0-1"]
[Round "1"]
1.e4 e5
2.f4 exf4
3.Ng1f3 h6
4.Bf1c4 d6
5.d4 a6
6.Bc1xf4 Ng8f6
7.Bc4d3 b5
8.O-O Bf8e7
9.Nb1c3 Bc8g4
10.Qd1d2 O-O
11.a3 Nb8c6
12.Nc3d5 Bg4xf3
13.gxf3 Nc6xd4
14.Nd5xe7 Qd8xe7
15.Rf1f2 c5
16.Qd2e3 Ra8e8
17.Rf2g2 Nf6h5
18.Bf4xh6 g6
19.Bh6xf8 Qe7xf8
20.Kf2 Nd4e6
21.Qe3h6 Qf8xh6
22.Ra1g1 Ne6f4
23.Rg2g4 Re8e5
{ resign }
0-1

[Event "Tourn. n8899"]
[Site "www.chess-mail.com"]
[Date "2016.09.12"]
[Round "1"]
[White "Caspito"]
[Black "Cal"]
[WhiteElo "1880"]
[BlackElo "1730"]
[Result "1/2-1/2"]
[Round "1"]
1.e4 e5
2.Ng1f3 d6
3.d4 exd4
4.Nf3xd4 c5
5.Nd4b5 a6
6.Nb5c3 h6
7.Bf1c4 Bc8e6
8.Bc4xe6 fxe6
9.O-O Nb8c6
10.Qd1h5 Kd7
11.Rf1d1 Ng8f6
12.Qh5g6 Qd8e7
13.Bc1f4 Nc6d4
14.e5 dxe5
15.Bf4xe5 Ra8d8
16.Be5xd4 cxd4
17.Rd1xd4 Kc7
18.Rd4c4 Kb8
19.Nb1a3 Rh8g8
20.h3 Nf6d7
21.Ra1d1 Nd7e5
22.Qg6g3 Rd8xd1
23.Nc3xd1 Qe7d6
24.Nd1e3 g5
25.Rc4c3 Bf8e7
26.Na3c4 Qd6d4
27.Nc4xe5 Ka8
28.Ne3c4 Be7c5
29.a3 b5
30.Nc4a5 Rg8f8
31.Rc3f3 Rf8xf3
32.Ne5xf3 Qd4d1
33.Kh2 Qd1d7
34.b4 Bc5d6
35.Nf3e5 Qd7c7
36.Qg3f3 Ka7
37.Qf3e3 Kb8
38.g3 Bd6xe5
39.Qe3e4 Be5d6
40.Qe4xe6 h5
41.Qe6g8 Ka7
42.Qg8d5 h4
43.Qd5xg5 Qc7xc2
44.Qg5e3 Kb8
45.Qe3b6 Kc8
46.Qb6xa6 Kd7
47.Qa6xb5 Ke6
48.Qb5e8 Kf6
49.Qe8d8 Bd6e7
50.Qd8d4 Ke6
51.gxh4 Be7d6
52.Kg2 Qc2g6
53.Qd4g4 Kf7
54.Qg4xg6 Kxg6
55.Kf3 Kh5
56.Na5c4 Bd6e7
57.b5 Kxh4
58.b6 Be7c5
59.a4 Kxh3
60.b7 Bc5a7
61.Ke4 Ba7b8
62.f4 Kg4
63.Nc4e5 { draw }
1/2-1/2

[Event "Tourn. n8918"]
[Site "www.chess-mail.com"]
[Date "2016.09.12"]
[Round "1"]
[White "Osopanda"]
[Black "Bichoraro92"]
[WhiteElo "2000"]
[BlackElo "2070"]
[Result "1-0"]
[Round "1"]
1.d4 d5
2.c4 e6
3.Nb1c3 f5
4.cxd5 exd5
5.Ng1f3 Ng8f6
6.g3 Bf8d6
7.Bf1g2 O-O
8.O-O c6
9.h3 Nf6e4
10.Nc3xe4 fxe4
11.Nf3e5 Qd8e7
12.f3 Bd6xe5
13.dxe5 Qe7xe5
14.Bc1f4  { time }
1-0

[Event "Tourn. n8918"]
[Site "www.chess-mail.com"]
[Date "2016.09.12"]
[Round "1"]
[White "Osopanda"]
[Black "B0zata"]
[WhiteElo "1990"]
[BlackElo "2290"]
[Result "1-0"]
[Round "1"]
1.d4 d5
2.c4 Bc8f5
3.Nb1c3 Ng8f6
4.Qd1b3 dxc4
5.Qb3xb7 Nb8d7
6.e4 Ra8b8
7.Qb7c6 Rb8b6
8.Qc6xc4 Bf5xe4
9.Nc3xe4 Nf6xe4
10.Bf1d3 Ne4f6
11.Ng1f3 e6
12.O-O Bf8d6
13.Bc1g5 h6
14.Bg5h4 g5
15.Bh4g3 Rb6xb2
16.Nf3e5 Rb2b4
17.Qc4c2 Rb4xd4
18.Ne5c6 Bd6xg3
19.fxg3 Qd8a8
20.Nc6xd4 c5
21.Nd4b5 O-O
22.Ra1d1 a6
23.Nb5d6 Qa8c6
24.Nd6e4 Kg7
25.Ne4xf6 Nd7xf6
26.Qc2c3 e5
27.Qc3xe5 Rf8e8
28.Qe5f5 c4
29.Bd3c2 Re8e2
30.Rf1f2 Qc6e8
31.Qf5xf6 Kg8
32.Rd1d8 { resign }
1-0

[Event "Tourn. n8918"]
[Site "www.chess-mail.com"]
[Date "2016.09.12"]
[Round "1"]
[White "Bichoraro92"]
[Black "B0zata"]
[WhiteElo "2070"]
[BlackElo "2290"]
[Result "0-1"]
[Round "1"]
1.d4 d5
2.e3 Bc8f5
3.f4 e6
4.Ng1f3 Bf8b4
5.c3 Bb4e7
6.Bf1d3 Ng8h6
7.O-O O-O
8.Qd1c2 Bf5xd3
9.Qc2xd3 a6
10.Nb1d2 c5
11.e4 cxd4
12.cxd4 dxe4
13.Nd2xe4 Nb8c6
14.Bc1e3 Nh6f5
15.Be3f2 Be7f6
16.Nf3e5 Bf6xe5
17.fxe5 Nc6xe5
18.Qd3b3 Nf5xd4
19.Qb3xb7 Nd4e2
20.Kh1 Ne5g4
 { time }
0-1

[Event "Tourn. n8893"]
[Site "www.chess-mail.com"]
[Date "2016.09.12"]
[Round "1"]
[White "Prize64"]
[Black "Nimzo"]
[WhiteElo "2390"]
[BlackElo "2840"]
[Result "0-1"]
[Round "1"]
1.e4 e5
2.Ng1f3 Ng8f6
3.Nf3xe5 d6
4.Ne5f3 Nf6xe4
5.Nb1c3 Ne4xc3
6.dxc3 Bf8e7
7.Bc1f4 O-O
8.Qd1d2 Nb8d7
9.O-O-O Nd7c5
10.Kb1 Be7f6
11.h3 Nc5e4
12.Qd2e1 Rf8e8
13.Bf4e3 c5
14.Bf1d3 Ne4xc3
15.bxc3 Qd8b6
16.Ka1 Qb6a5
17.Kb2 Qa5b4
{ resign }
0-1

[Event "Tourn. n8918"]
[Site "www.chess-mail.com"]
[Date "2016.09.12"]
[Round "1"]
[White "Bichoraro92"]
[Black "Guidom"]
[WhiteElo "2050"]
[BlackElo "2030"]
[Result "0-1"]
[Round "1"]
1.d4 d5
2.e3 c6
3.f4 Bc8f5
4.Ng1f3 Ng8f6
5.Bf1d3 Nf6e4
6.O-O e6
7.c4 dxc4
8.Bd3xc4 Nb8d7
9.Nb1c3 Ne4xc3
10.bxc3 Nd7b6
11.Bc4d3 Bf5g4
12.h3 Bg4h5
13.e4 f6
14.g4 Bh5f7
15.e5 Bf8e7
16.Qd1c2 h6
17.Nf3h4 O-O
18.Bd3g6 Qd8e8
19.f5 fxe5
20.Bg6xf7 Rf8xf7
21.Nh4f3 exf5
22.Nf3xe5 Rf7f8
23.Rf1xf5 Nb6d5
24.Bc1d2 Be7d6
25.Ra1f1 Rf8xf5
26.Rf1xf5 Bd6xe5
27.Rf5xe5 Qe8d7
 { time }
0-1

[Event "Tourn. n8893"]
[Site "www.chess-mail.com"]
[Date "2016.09.12"]
[Round "1"]
[White "Ejner"]
[Black "Prize64"]
[WhiteElo "2440"]
[BlackElo "2400"]
[Result "1-0"]
[Round "1"]
1.c4 Ng8f6
2.Ng1f3 g6
3.Nb1c3 Bf8g7
4.d4 d5
5.e3 Bc8g4
6.Qd1b3 Bg4xf3
7.gxf3 Nb8d7
8.cxd5 O-O
9.Bf1g2 Nd7b6
10.e4 e6
11.dxe6 Qd8xd4
12.exf7 Rf8xf7
13.O-O c6
14.Nc3e2 Qd4a4
15.Bc1e3 Qa4xb3
16.axb3 Nf6d7
17.f4 Bg7xb2
18.Ra1a2 Bb2g7
19.Rf1d1 Nd7f6
20.Be3xb6 { resign }
1-0

[Event "Tourn. n8906"]
[Site "www.chess-mail.com"]
[Date "2016.09.12"]
[Round "1"]
[White "Osopanda"]
[Black "Pimpampum"]
[WhiteElo "2000"]
[BlackElo "2220"]
[Result "0-1"]
[Round "1"]
1.Ng1f3 d5
2.d4 c5
3.g3 Ng8f6
4.Bc1g5 cxd4
5.Bf1g2 Nb8c6
6.O-O e5
7.c3 dxc3
8.Nb1xc3 Bc8e6
9.e3 Bf8e7
10.Ra1c1 O-O
11.Bg5h4 h6
12.Rf1e1 Qd8d7
13.Nc3e2 g5
14.Nf3xg5 hxg5
15.Bh4xg5 Rf8d8
16.f4 Nf6h7
17.Bg5xe7 Qd7xe7
18.fxe5 Nc6xe5
19.Ne2d4 Nh7f6
20.Re1f1 Ne5c4
21.Qd1e2 Be6g4
22.Bg2f3 Qe7xe3
23.Qe2xe3 Nc4xe3
24.Rf1e1 Bg4xf3
25.Nd4xf3 Ne3f5
26.Rc1c7 Rd8d7
27.Re1c1 Ra8d8
28.Nf3e5 Rd7xc7
29.Rc1xc7 Nf5d6
30.Kf2 Kf8
31.h4 Rd8e8
32.Ne5d7 Kg7
33.Nd7c5 Nf6e4
34.Nc5xe4 Re8xe4
35.Rc7d7 Re4e6
36.g4 d4
37.g5 d3
38.h5 d2
{ resign }
0-1

[Event "Match"]
[Site "www.echecsemail.com"]
[Date "2016.09.12"]
[Round "1"]
[White "4m6az"]
[Black "Wagner"]
[WhiteElo "1809"]
[BlackElo "1810"]
[Result "1-0"]
[Round "1"]
1.d4 d5
2.Bc1f4 Ng8f6
3.Nb1c3 Nb8c6
4.Nc3b5 e5
5.dxe5 a6
6.exf6 axb5
7.fxg7 Bf8xg7
8.c3 Bc8f5
9.Qd1b3 b4
10.e3 Qd8e7
11.Qb3xd5 Bf5c2
12.Bf1d3 Ra8d8
13.Qd5b5 Bc2xd3
14.Qb5xb7 Bd3e4
15.f3 Rd8b8
16.Qb7xc7 Qe7c5
17.Ra1d1 bxc3
18.Qc7d7 Kf8
19.Bf4d6 Qc5xd6
20.Qd7xd6 Nc6e7
21.Qd6xb8 { resign }
1-0

[Event "Match"]
[Site "www.echecsemail.com"]
[Date "2016.09.12"]
[Round "1"]
[White "4m6az"]
[Black "Libiesse"]
[WhiteElo "1809"]
[BlackElo "1970"]
[Result "0-1"]
[Round "1"]
1.d4 d5
2.Bc1f4 e6
3.a3 Ng8f6
4.e3 Bf8d6
5.Bf4xd6 Qd8xd6
6.Nb1c3 Nb8d7
7.g3 c5
8.Nc3b5 Qd6b6
9.dxc5 Nd7xc5
10.b4 Nc5a6
11.Qd1d4 Bc8d7
12.Qd4xb6 axb6
13.Nb5d6 Ke7
14.Nd6b5 Rh8c8
15.Ra1c1 Na6c7
16.a4 Ra8xa4
17.Nb5xc7 Rc8xc7
18.c3 b5
19.Ng1e2 Ra4a3
20.f3 Nf6e8
21.Bf1g2 Ne8d6
22.O-O Nd6c4
23.e4 Bd7c6
24.exd5 Bc6xd5
25.Ne2d4 Nc4d6
26.g4 Ra3xc3
27.Rc1xc3 Rc7xc3
28.Rf1d1 Bd5c4
29.f4 Rc3d3
30.Rd1xd3 Bc4xd3
31.h4 f6
32.Kh2 e5
33.fxe5 fxe5
34.Nd4f3 e4
35.Nf3e1 Ke6
36.h5 Nd6c4
37.g5 Kf5
38.g6 hxg6
39.hxg6 Nc4e3
40.Bg2h3 Kxg6
41.Bh3c8 b6
42.Kg3 Kf6
43.Kf4 Ne3d5
{ resign }
0-1